书目信息 |
| 题名: |
生命的语言
|
|
| 作者: | 柯林斯 著 ;杨焕明 译 | |
| 分册: | ||
| 出版信息: | 长沙 湖南科学技术出版社 2018 |
|
| 页数: | 13,349页 | |
| 开本: | 21cm | |
| 丛书名: | 第一推动丛书 | |
| 单 册: | ||
| 中图分类: | Q987-49 | |
| 科图分类: | ||
| 主题词: | 人类基因--普及读物 | |
| 电子资源: | ||
| ISBN: | 978-7-5357-9502-1 | |
| 000 | 01033oam2 2200277 450 | |
| 001 | 3527 | |
| 005 | 20180527164045.07 | |
| 010 | @a978-7-5357-9502-1@dCNY49.00 | |
| 100 | @a20180412d2018 em y0chiy50 ea | |
| 101 | 1 | @achi@ceng |
| 102 | @aCN@b430000 | |
| 105 | @aa z 000yy | |
| 200 | 1 | @a生命的语言@9sheng ming de yu yan@dThe language of life@f(美)弗朗西斯·S.柯林斯(Francis S.Collins)著@g杨焕明等译@zeng |
| 210 | @a长沙@c湖南科学技术出版社@d2018 | |
| 215 | @a13,349页@c图@d21cm | |
| 225 | 1 | @a第一推动丛书@i生命系列@v06 |
| 330 | @a本书分为10章,内容包括:未来在眼前、病因自不同、己是知我时、癌症因人异、种族可相关、基因与病原、基因和大脑、基因与衰老、个体化医学、 放眼看未来。 | |
| 461 | 0 | @12001 @a第一推动丛书 |
| 462 | 0 | @12001 @a生命系列 |
| 510 | 1 | @aLanguage of life@zeng |
| 606 | 0 | @a人类基因@j普及读物 |
| 690 | @aQ987-49@v5 | |
| 701 | 0 | @c(美)@a柯林斯@9ke lin si@c(Collins, Francis S.)@4著 |
| 702 | 0 | @a杨焕明@9yang huan ming@f(1952-)@4译 |
| 801 | 0 | @aCN@b91MARC@c20180412 |
| 905 | @aMuseLib@dQ987-49@e61 | |
| 生命的语言=The language of life/(美)弗朗西斯·S.柯林斯(Francis S.Collins)著/杨焕明等译.-长沙:湖南科学技术出版社,2018 |
| 13,349页:图;21cm.-(第一推动丛书.生命系列;06) |
| ISBN 978-7-5357-9502-1:CNY49.00 |
| 本书分为10章,内容包括:未来在眼前、病因自不同、己是知我时、癌症因人异、种族可相关、基因与病原、基因和大脑、基因与衰老、个体化医学、 放眼看未来。 |
| ● |
| 相关链接 |
|
|
|
|
正题名:生命的语言
索取号:Q987-49/61
 
预约/预借
| 序号 | 登录号 | 条形码 | 馆藏地/架位号 | 状态 | 备注 |
| 1 | 1109556 | 211095562 | 第二样本阅览室/ [索取号:Q987-49/61] | 在馆 | |
| 2 | 1109557 | 211095571 | 教育系资料室/ [索取号:Q987-49/61] | 在馆 | |
| 3 | 1109558 | 211095580 | 教育系资料室/ [索取号:Q987-49/61] | 在馆 | |
| 4 | 1109559 | 211095599 | 第三借阅区/ [索取号:Q987-49/61] | 在馆 |